[Event "Stay Safe Play From Home 234"]
[Site "Emanuel Lasker Arena"]
[Date "2020.06.17"]
[Round "2"]
[White "Klasman"]
[Black "Dukic"]
[Result "0-1"]
[WhiteElo "1627"]
[BlackElo "1913"]
[Annotator "TA"]
[PlyCount "34"]
[EventDate "2020.06.17"]
[EventType "swiss (blitz)"]

{[%evp 9,34,10,44,-7,53,8,22,18,32,10,23,17,22,-22,-23,-64,-27,-51,-41,-23,-27,-43,-27,-292,-304,-600,-599]} 1. f4 c6 2. c4 d6 3. Nf3 Nd7 4. e4 {[#]} e5 $146 ({Predecessor:} 4... Qc7 5. d4 e5 6. d5 Ngf6 7. Bd3 Be7 8. O-O O-O 9. fxe5 dxe5 10. Bg5 Qb6+ {0-1 (38) Bethke,R-Baladjaev,L (1020) Bad Homburg 2012}) 5. Nc3 Ngf6 6. d3 {A02: Bird's Opening.} (6. Be2 $14) 6... Qb6 ({Black should try} 6... g6 $11) 7. Na4 (7. Qe2 {looks sharper.} Be7 8. g3 a6 9. Bh3 O-O 10. Be3) 7... Qa5+ (7... Qc7 {seems wilder.} 8. Be2 d5 9. exd5 cxd5 10. fxe5 Nxe5 11. Nxe5 Qxe5 12. d4 Qf5) 8. Bd2 {The position is equal.} Qc7 9. Be2 Be7 10. O-O O-O 11. Ng5 h6 12. Nh3 a6 13. f5 d5 14. cxd5 cxd5 15. Rc1 Qd6 16. Qb3 $2 {[%mdl 8192] [#]} (16. Nf2 $11 {and White has nothing to worry.}) 16... dxe4 $19 {Threatens to win with ...b5.} 17. Bb4 $2 (17. Be3 b5 18. Nc3 exd3 19. Bf3) 17... Qxb4 {White did not feel at home in the position after the opening. Accuracy: White = 38%, Black = 82%.} 0-1

[Event "Stay Safe Play From Home 234"]
[Site "Emanuel Lasker Arena"]
[Date "2020.06.17"]
[Round "3"]
[White "Lazieri3"]
[Black "Klasman"]
[Result "1-0"]
[WhiteElo "2052"]
[BlackElo "1621"]
[Annotator "TA"]
[PlyCount "27"]
[EventDate "2020.06.17"]
[EventType "swiss (blitz)"]

{[%evp 9,27,30,33,0,63,41,66,82,346,371,664,654,29982,29983,29992,29993,29993,29994,29995,29996]} 1. e4 f5 2. Nc3 fxe4 3. Nxe4 Nf6 4. Nxf6+ exf6 5. Bd3 g6 {[#]} 6. h4 $146 {A00: Irregular Openings.} ({Predecessor:} 6. Nf3 Bg7 7. O-O O-O 8. Re1 d5 9. c3 c5 10. Bc2 Nc6 11. d4 c4 12. Bf4 {½-½ (20) Taranenko,E (2221)-Aliferenko,A (2217) Kremennaya 2017}) 6... Bg7 (6... d5 $11) 7. h5 Qe7+ 8. Kf1 {White is slightly better.} O-O $2 {[%mdl 8192] [#]} (8... Qf7 $16 {was called for.}) 9. hxg6 $18 h6 $2 (9... d5 10. Qh5 (10. Rxh7 Re8 $18) 10... Re8) 10. Bc4+ Kh8 11. d4 {White mates.} c6 12. Bxh6 d5 13. Bxg7+ Kxg7 14. Rh7+ {[%mdl 64] Skewer. White took control after the opening. Accuracy: White = 85%, Black = 11%.} 1-0

[Event "Stay Safe Play From Home 234"]
[Site "Emanuel Lasker Arena"]
[Date "2020.06.17"]
[Round "3"]
[White "Position"]
[Black "Shyamph1980"]
[Result "1-0"]
[WhiteElo "2007"]
[BlackElo "1696"]
[Annotator "NA RC"]
[PlyCount "85"]
[EventDate "2020.06.17"]
[EventType "swiss (blitz)"]

1. e4 {[%emt 0:00:02]} c5 {[%emt 0:00:02]} 2. Nf3 {[%emt 0:00:01]} e6 {[%emt 0:00:01]} 3. b3 {[%emt 0:00:01]} d6 {[%emt 0:00:05]} 4. Bb2 {[%emt 0:00:02]} Nc6 {[%emt 0:00:01]} 5. Bb5 {[%emt 0:00:02]} Bd7 {[%emt 0:00:07]} 6. O-O {[%emt 0:00:01]} Nf6 {[%emt 0:00:03]} 7. Re1 {[%emt 0:00:01]} a6 {[%emt 0:00:08]} 8. Bf1 {[%emt 0:00:03]} Be7 {[%emt 0:00:02]} 9. g3 {[%emt 0:00:01]} O-O {[%emt 0:00:02]} 10. Bg2 {[%emt 0:00:01]} Qc7 {[%emt 0:00:05]} 11. Nc3 {[%emt 0:00:02]} Rfe8 {[%emt 0:00:10]} 12. d3 {[%emt 0:00:01]} Rad8 {[%emt 0:00:02]} 13. Ne2 {[%emt 0:00:05]} b5 {[%emt 0:00:19]} 14. Nf4 {[%emt 0:00:02]} e5 {[%emt 0:00:13]} 15. Nd5 {[%emt 0:00:04]} Nxd5 {[%emt 0:00:09]} 16. exd5 {[%emt 0:00:01]} Nd4 {[%emt 0:00:03]} 17. c3 {[%emt 0:00:03]} Nxf3+ {[%emt 0:00:03]} 18. Qxf3 {[%emt 0:00:01]} Bf6 {[%emt 0:00:03]} 19. Rac1 {[%emt 0:00:02]} Qa5 {[%emt 0:00:03]} 20. a3 {[%emt 0:00:03]} Qc7 {[%emt 0:00:05]} 21. h4 {[%emt 0:00:08]} Qc8 {[%emt 0:00:04]} 22. b4 {[%emt 0:00:09]} Bg4 {[%emt 0:00:05]} 23. Qe3 {[%emt 0:00:01]} c4 {[%emt 0:00:13]} 24. dxc4 {[%emt 0:00:03]} bxc4 {[%emt 0:00:07]} 25. a4 {[%emt 0:00:02]} Qb7 {[%emt 0:00:20]} 26. Ba3 {[%emt 0:00:06]} Bd7 {[%emt 0:00:05]} 27. b5 {[%emt 0:00:20]} Bc8 {[%emt 0:00:11]} 28. Rb1 {[%emt 0:00:02]} axb5 {[%emt 0:00:06]} 29. axb5 {[%emt 0:00:13]} Bd7 {[%emt 0:00:05]} 30. Rb4 {[%emt 0:00:07]} Ra8 {[%emt 0:00:05]} 31. Bc1 {[%emt 0:00:05]} Bd8 {[%emt 0:00:08]} 32. b6 {[%emt 0:00:07]} Ra6 {[%emt 0:00:07]} 33. Bd2 {[%emt 0:00:01]} Bxb6 {[%emt 0:00:08]} 34. Qe2 {[%emt 0:00:09]} Qa7 {[%emt 0:00:02]} 35. Reb1 {[%emt 0:00:05]} Ra1 {[%emt 0:00:29]} 36. Rxb6 {[%emt 0:00:05]} Qxb6 {[%emt 0:00:04]} 37. Rxa1 {[%emt 0:00:01]} f5 {[%emt 0:00:05]} 38. Qxc4 {[%emt 0:00:02]} Bb5 {[%emt 0:00:06]} 39. Qb4 {[%emt 0:00:04]} Rc8 {[%emt 0:00:05]} 40. Be3 {[%emt 0:00:03]} Qb7 {[%emt 0:00:06]} 41. Qxd6 {[%emt 0:00:02]} Rxc3 {[%emt 0:00:06]} 42. Qe6+ {[%emt 0:00:10]} Kf8 {[%emt 0:00:04]} 43. Ra7 {[%emt 0:00:07] Shyamph1980 resigns (Lag: Av=1.19s, max=4.2s)} 1-0

[Event "Stay Safe Play From Home 234"]
[Site "Emanuel Lasker Arena"]
[Date "2020.06.17"]
[Round "3"]
[White "Mehrdadahouran"]
[Black "EnigmaG"]
[Result "1-0"]
[WhiteElo "1998"]
[BlackElo "1626"]
[Annotator "TA"]
[PlyCount "37"]
[EventDate "2020.06.17"]
[EventType "swiss (blitz)"]

{[%evp 12,37,33,30,67,56,83,62,103,104,114,81,163,148,360,350,358,365,354,321,293,286,281,214,326,290,1143,1148]} 1. d4 e6 2. c4 Nf6 3. Nf3 Nc6 4. g3 Be7 5. Bg2 O-O 6. O-O d5 7. b3 {[#]} Qd6 $146 {E06: Closed Catalan: Early deviations.} ({Predecessor:} 7... Ne4 8. Bb2 b6 9. Nc3 Bb7 10. e3 a5 11. Na4 f5 12. Ne1 Qe8 13. Nd3 Bf6 14. a3 Rd8 15. Qc2 {1-0 (41) Giri,A (2696)-Sokolov,I (2676) Amsterdam 2012}) 8. Bb2 Nd8 9. Nbd2 c6 {White is slightly better.} 10. Ne5 Nd7 11. e4 Bf6 (11... Nxe5 $16 12. dxe5 Qd7) 12. f4 dxe4 $2 {[#]} (12... Be7 $16 13. Rc1 Nxe5) 13. Nxe4 $18 Qe7 14. a4 Bxe5 15. dxe5 c5 16. Ba3 Nc6 17. Qd6 f6 (17... Qxd6 $142 18. Nxd6 Nd4) 18. exf6 ({Much less strong is} 18. Nxc5 Qxd6 19. exd6 Nxc5 $18) 18... Qxf6 $2 {[#]} (18... Qxd6 19. Nxd6 gxf6 20. Bxc6 bxc6) 19. Nxf6+ {Black did not feel at home in the position after the opening. Accuracy: White = 70%, Black = 22%.} 1-0

[Event "Stay Safe Play From Home 234"]
[Site "Emanuel Lasker Arena"]
[Date "2020.06.17"]
[Round "3"]
[White "Dukic"]
[Black "Don59as"]
[Result "1-0"]
[WhiteElo "1918"]
[BlackElo "2072"]
[Annotator "NA RC"]
[PlyCount "133"]
[EventDate "2020.06.17"]
[EventType "swiss (blitz)"]

1. c4 {[%emt 0:00:04]} g6 {[%emt 0:00:02]} 2. Nc3 {[%emt 0:00:02]} Bg7 {[%emt 0:00:01]} 3. g3 {[%emt 0:00:00]} c5 {[%emt 0:00:02]} 4. Nf3 {[%emt 0:00:03]} Nc6 {[%emt 0:00:01]} 5. Bg2 {[%emt 0:00:01]} e6 {[%emt 0:00:01]} 6. e3 {[%emt 0:00:08]} Nge7 {[%emt 0:00:01]} 7. d4 {[%emt 0:00:01]} cxd4 {[%emt 0:00:04]} 8. Nxd4 {[%emt 0:00:03]} O-O {[%emt 0:00:09]} 9. Ndb5 {[%emt 0:00:04]} Nf5 {[%emt 0:00:02]} 10. O-O {[%emt 0:00:23]} a6 {[%emt 0:00:03]} 11. Nd6 {[%emt 0:00:02]} Nxd6 {[%emt 0:00:05]} 12. Qxd6 {[%emt 0:00:03]} Ne5 {[%emt 0:00:14]} 13. b3 {[%emt 0:00:15]} Nxc4 {[%emt 0:00:13]} 14. bxc4 {[%emt 0:00:09]} Bxc3 {[%emt 0:00:02]} 15. Rb1 {[%emt 0:00:00]} Ra7 {[%emt 0:00:20]} 16. Ba3 {[%emt 0:00:05]} Re8 {[%emt 0:00:07]} 17. Bc5 {[%emt 0:00:03]} Ra8 {[%emt 0:00:10]} 18. Bb6 {[%emt 0:00:14]} Qf6 {[%emt 0:00:09]} 19. f4 {[%emt 0:00:09]} a5 {[%emt 0:00:16]} 20. a3 {[%emt 0:00:02]} Qg7 {[%emt 0:00:21]} 21. Rfd1 {[%emt 0:00:09]} Bf6 {[%emt 0:00:05]} 22. Bd4 {[%emt 0:00:08]} Bxd4 {[%emt 0:00:08]} 23. exd4 {[%emt 0:00:10]} Ra6 {[%emt 0:00:05]} 24. Qc7 {[%emt 0:00:05]} Qf8 {[%emt 0:00:19]} 25. c5 {[%emt 0:00:15]} d5 {[%emt 0:00:06]} 26. Rb6 {[%emt 0:00:08]} Ra8 {[%emt 0:00:10]} 27. Rdb1 {[%emt 0:00:06]} Qe7 {[%emt 0:00:03]} 28. Qxe7 {[%emt 0:00:11]} Rxe7 {[%emt 0:00:01]} 29. Bf1 {[%emt 0:00:02]} Rc7 {[%emt 0:00:02]} 30. Bb5 {[%emt 0:00:03]} Ra7 {[%emt 0:00:02]} 31. Ba4 {[%emt 0:00:03]} Bd7 {[%emt 0:00:02]} 32. Bxd7 {[%emt 0:00:04]} Rxd7 {[%emt 0:00:01]} 33. a4 {[%emt 0:00:02]} Kf8 {[%emt 0:00:04]} 34. Kf2 {[%emt 0:00:01]} Rc7 {[%emt 0:00:02]} 35. Ke3 {[%emt 0:00:01]} Ke7 {[%emt 0:00:01]} 36. g4 {[%emt 0:00:01]} Kd8 {[%emt 0:00:04]} 37. g5 {[%emt 0:00:02]} Kc8 {[%emt 0:00:01]} 38. h4 {[%emt 0:00:01]} Rc6 {[%emt 0:00:07]} 39. R6b5 {[%emt 0:00:03]} Rc7 {[%emt 0:00:13]} 40. h5 {[%emt 0:00:01]} Kd8 {[%emt 0:00:06]} 41. Rh1 {[%emt 0:00:01]} Ke8 {[%emt 0:00:04]} 42. hxg6 {[%emt 0:00:01]} fxg6 {[%emt 0:00:01]} 43. Kd3 {[%emt 0:00:05]} Rf7 {[%emt 0:00:02]} 44. Ke3 {[%emt 0:00:03]} Kf8 {[%emt 0:00:03]} 45. Kf3 {[%emt 0:00:01]} Kg7 {[%emt 0:00:02]} 46. Kg4 {[%emt 0:00:02]} Ra8 {[%emt 0:00:01]} 47. Re1 {[%emt 0:00:02]} Raf8 {[%emt 0:00:01]} 48. Rf1 {[%emt 0:00:04]} h6 {[%emt 0:00:03]} 49. gxh6+ {[%emt 0:00:02]} Kxh6 {[%emt 0:00:00]} 50. Rxa5 {[%emt 0:00:01]} Kg7 {[%emt 0:00:05]} 51. Rb5 {[%emt 0:00:02]} Re7 {[%emt 0:00:01]} 52. Rb6 {[%emt 0:00:02]} e5 {[%emt 0:00:01]} 53. dxe5 {[%emt 0:00:01]} Rxe5 {[%emt 0:00:01]} 54. fxe5 {[%emt 0:00:03]} Rxf1 {[%emt 0:00:01]} 55. Rxb7+ {[%emt 0:00:01]} Kh6 {[%emt 0:00:01]} 56. c6 {[%emt 0:00:01]} Rc1 {[%emt 0:00:03]} 57. c7 {[%emt 0:00:01]} d4 {[%emt 0:00:01]} 58. Kf3 {[%emt 0:00:03]} Kg5 {[%emt 0:00:01]} 59. Ke4 {[%emt 0:00:02]} Rc4 {[%emt 0:00:02]} 60. Kd3 {[%emt 0:00:01]} Rc1 {[%emt 0:00:02]} 61. Kxd4 {[%emt 0:00:01]} Kf4 {[%emt 0:00:00]} 62. e6 {[%emt 0:00:01]} Rd1+ {[%emt 0:00:01]} 63. Kc3 {[%emt 0:00:02]} Rc1+ {[%emt 0:00:02]} 64. Kd2 {[%emt 0:00:01]} Rc6 {[%emt 0:00:01]} 65. e7 {[%emt 0:00:01]} Rd6+ {[%emt 0:00:02]} 66. Kc3 {[%emt 0:00:02]} Rc6+ {[%emt 0:00:01]} 67. Kb4 {[%emt 0:00:02] Don59as resigns (Lag: Av=0.51s, max=1.1s)} 1-0

[Event "Stay Safe Play From Home 234"]
[Site "Emanuel Lasker Arena"]
[Date "2020.06.17"]
[Round "3"]
[White "Greblah"]
[Black "Ako1983"]
[Result "1-0"]
[WhiteElo "1913"]
[BlackElo "1811"]
[Annotator "NA RC"]
[PlyCount "129"]
[EventDate "2020.06.17"]
[EventType "swiss (blitz)"]

1. e4 {[%emt 0:00:01]} e6 {[%emt 0:00:04]} 2. d4 {[%emt 0:00:04]} d5 {[%emt 0:00:01]} 3. e5 {[%emt 0:00:01]} Qd7 {[%emt 0:00:04]} 4. Bd3 {[%emt 0:00:04]} b6 {[%emt 0:00:03]} 5. c3 {[%emt 0:00:03]} Ba6 {[%emt 0:00:02]} 6. Be3 {[%emt 0:00:05]} Bxd3 {[%emt 0:00:03]} 7. Qxd3 {[%emt 0:00:01]} Ne7 {[%emt 0:00:03]} 8. Nf3 {[%emt 0:00:03]} Nf5 {[%emt 0:00:02]} 9. g4 {[%emt 0:00:02]} Ne7 {[%emt 0:00:06]} 10. a4 {[%emt 0:00:15]} Nbc6 {[%emt 0:00:15]} 11. Na3 {[%emt 0:00:06] Ako1983 reconnected.} Na5 {[%emt 0:00:02]} 12. Nb5 {[%emt 0:00:15]} a6 {[%emt 0:00:06]} 13. Na3 {[%emt 0:00:16]} h6 {[%emt 0:00:14]} 14. b4 {[%emt 0:00:08]} Nac6 {[%emt 0:00:11]} 15. O-O {[%emt 0:00:12]} Ng6 {[%emt 0:00:02]} 16. h4 {[%emt 0:00:10]} Be7 {[%emt 0:00:02]} 17. h5 {[%emt 0:00:04]} Nh4 {[%emt 0:00:05]} 18. Nxh4 {[%emt 0:00:03]} Bxh4 {[%emt 0:00:02]} 19. f4 {[%emt 0:00:23]} Be7 {[%emt 0:00:04]} 20. f5 {[%emt 0:00:05]} Bg5 {[%emt 0:00:04]} 21. Bxg5 {[%emt 0:00:06]} hxg5 {[%emt 0:00:01]} 22. f6 {[%emt 0:00:16]} gxf6 {[%emt 0:00:17]} 23. Rxf6 {[%emt 0:00:03]} Ke7 {[%emt 0:00:20]} 24. Raf1 {[%emt 0:00:02]} Nd8 {[%emt 0:00:02]} 25. Qc2 {[%emt 0:00:28]} Qe8 {[%emt 0:00:06]} 26. R1f3 {[%emt 0:00:04]} Qg8 {[%emt 0:00:03]} 27. Qf2 {[%emt 0:00:06]} Rh7 {[%emt 0:00:07]} 28. c4 {[%emt 0:00:01]} c6 {[%emt 0:00:05]} 29. cxd5 {[%emt 0:00:02]} cxd5 {[%emt 0:00:02]} 30. b5 {[%emt 0:00:02]} a5 {[%emt 0:00:02]} 31. Rc3 {[%emt 0:00:03]} Qe8 {[%emt 0:00:06]} 32. Rc7+ {[%emt 0:00:03]} Kf8 {[%emt 0:00:03]} 33. Qd2 {[%emt 0:00:11]} Rg7 {[%emt 0:00:07]} 34. h6 {[%emt 0:00:02]} Rg8 {[%emt 0:00:13]} 35. h7 {[%emt 0:00:01]} Rh8 {[%emt 0:00:01]} 36. Rh6 {[%emt 0:00:09]} f6 {[%emt 0:00:40]} 37. Rxf6+ {[%emt 0:00:05]} Nf7 {[%emt 0:00:06]} 38. Rfxf7+ {[%emt 0:00:07]} Qxf7 {[%emt 0:00:02]} 39. Rxf7+ {[%emt 0:00:01]} Kxf7 {[%emt 0:00:02]} 40. Qxg5 {[%emt 0:00:02]} Rxh7 {[%emt 0:00:02]} 41. Qf6+ {[%emt 0:00:01]} Kg8 {[%emt 0:00:03]} 42. Qxe6+ {[%emt 0:00:01]} Kh8 {[%emt 0:00:03]} 43. Qxd5 {[%emt 0:00:05]} Rg8 {[%emt 0:00:03]} 44. e6 {[%emt 0:00:18]} Rxg4+ {[%emt 0:00:02]} 45. Kf2 {[%emt 0:00:00]} Rg8 {[%emt 0:00:08]} 46. Qe5+ {[%emt 0:00:01]} Rhg7 {[%emt 0:00:02]} 47. e7 {[%emt 0:00:01]} Re8 {[%emt 0:00:07]} 48. Nc4 {[%emt 0:00:02]} Rexe7 {[%emt 0:00:02]} 49. Qh5+ {[%emt 0:00:04]} Kg8 {[%emt 0:00:01]} 50. Ne5 {[%emt 0:00:02]} Rh7 {[%emt 0:00:08]} 51. Qg6+ {[%emt 0:00:01]} Rhg7 {[%emt 0:00:02]} 52. Qe4 {[%emt 0:00:00]} Rgf7+ {[%emt 0:00:02]} 53. Ke3 {[%emt 0:00:02]} Rg7 {[%emt 0:00:01]} 54. Qd5+ {[%emt 0:00:00]} Kh7 {[%emt 0:00:02]} 55. Qd8 {[%emt 0:00:00]} Rg3+ {[%emt 0:00:02]} 56. Kf4 {[%emt 0:00:01]} Rgg7 {[%emt 0:00:00]} 57. Qd5 {[%emt 0:00:00]} Re8 {[%emt 0:00:03]} 58. Ke3 {[%emt 0:00:00]} Ree7 {[%emt 0:00:01]} 59. Kd3 {[%emt 0:00:00]} Rg3+ {[%emt 0:00:01]} 60. Kc4 {[%emt 0:00:00]} Rgg7 {[%emt 0:00:01]} 61. Nc6 {[%emt 0:00:00]} Rc7 {[%emt 0:00:01]} 62. Qh5+ {[%emt 0:00:00]} Kg8 {[%emt 0:00:01]} 63. Qe8+ {[%emt 0:00:00]} Kh7 {[%emt 0:00:01]} 64. Qe4+ {[%emt 0:00:00]} Kg8 {[%emt 0:00:02]} 65. d5 {[%emt 0:00:00] Time (Lag: Av=1.66s, max=6.1s)} 1-0

[Event "Stay Safe Play From Home 234"]
[Site "Emanuel Lasker Arena"]
[Date "2020.06.17"]
[Round "3"]
[White "Haris kollari 13"]
[Black "Weltszmerc"]
[Result "1-0"]
[WhiteElo "1815"]
[BlackElo "2150"]
[Annotator "NA RC"]
[PlyCount "105"]
[EventDate "2020.06.17"]
[EventType "swiss (blitz)"]

1. e4 {[%emt 0:00:01]} Nf6 {[%emt 0:00:02]} 2. e5 {[%emt 0:00:02]} Nd5 {[%emt 0:00:01]} 3. c4 {[%emt 0:00:01]} Nb6 {[%emt 0:00:01]} 4. d4 {[%emt 0:00:00]} d6 {[%emt 0:00:01]} 5. f4 {[%emt 0:00:00]} Bf5 {[%emt 0:00:02]} 6. Nf3 {[%emt 0:00:01]} dxe5 {[%emt 0:00:00]} 7. fxe5 {[%emt 0:00:02]} e6 {[%emt 0:00:00]} 8. Nc3 {[%emt 0:00:02]} Be7 {[%emt 0:00:00]} 9. Be3 {[%emt 0:00:01]} f6 {[%emt 0:00:01]} 10. exf6 {[%emt 0:00:09]} Bxf6 {[%emt 0:00:00]} 11. Be2 {[%emt 0:00:02]} O-O {[%emt 0:00:02]} 12. O-O {[%emt 0:00:01]} Nc6 {[%emt 0:00:01]} 13. d5 {[%emt 0:00:12]} Ne5 {[%emt 0:00:01]} 14. Nxe5 {[%emt 0:00:02]} Bxe5 {[%emt 0:00:00]} 15. Bxb6 {[%emt 0:00:16]} Qh4 {[%emt 0:00:44]} 16. g3 {[%emt 0:00:11]} Bxg3 {[%emt 0:00:03]} 17. hxg3 {[%emt 0:00:08]} Qxg3+ {[%emt 0:00:00]} 18. Kh1 {[%emt 0:00:01]} Rf6 {[%emt 0:00:19]} 19. Bg1 {[%emt 0:00:42]} Rh6+ {[%emt 0:00:04]} 20. Bh5 {[%emt 0:00:01]} Bg4 {[%emt 0:00:42]} 21. Bh2 {[%emt 0:00:04]} Rxh5 {[%emt 0:00:05]} 22. Qd2 {[%emt 0:00:01]} Bf3+ {[%emt 0:00:09]} 23. Rxf3 {[%emt 0:00:03]} Qxf3+ {[%emt 0:00:01]} 24. Qg2 {[%emt 0:00:02]} Qxg2+ {[%emt 0:00:13]} 25. Kxg2 {[%emt 0:00:01]} exd5 {[%emt 0:00:01]} 26. cxd5 {[%emt 0:00:01]} c6 {[%emt 0:00:06]} 27. d6 {[%emt 0:00:01]} b5 {[%emt 0:00:05]} 28. a3 {[%emt 0:00:03]} a5 {[%emt 0:00:01]} 29. Rd1 {[%emt 0:00:02]} b4 {[%emt 0:00:02]} 30. axb4 {[%emt 0:00:08]} axb4 {[%emt 0:00:00]} 31. Ne4 {[%emt 0:00:00]} Rd5 {[%emt 0:00:18]} 32. Rxd5 {[%emt 0:00:03]} cxd5 {[%emt 0:00:00]} 33. Nc5 {[%emt 0:00:01]} Kf7 {[%emt 0:00:28]} 34. Kf3 {[%emt 0:00:02]} h5 {[%emt 0:00:10]} 35. Bf4 {[%emt 0:00:08]} Kf6 {[%emt 0:00:12]} 36. d7 {[%emt 0:00:07]} g5 {[%emt 0:00:17]} 37. Bd6 {[%emt 0:00:01]} g4+ {[%emt 0:00:06]} 38. Kg3 {[%emt 0:00:01]} d4 {[%emt 0:00:01]} 39. Nb7 {[%emt 0:00:14]} d3 {[%emt 0:00:02]} 40. Bxb4 {[%emt 0:00:05]} Kf5 {[%emt 0:00:11]} 41. d8=Q {[%emt 0:00:03]} Rxd8 {[%emt 0:00:02]} 42. Nxd8 {[%emt 0:00:01]} Ke4 {[%emt 0:00:00]} 43. Bd2 {[%emt 0:00:01]} Kd4 {[%emt 0:00:06]} 44. Ne6+ {[%emt 0:00:03]} Kc4 {[%emt 0:00:00]} 45. Nf4 {[%emt 0:00:02]} Kb3 {[%emt 0:00:01]} 46. Nxd3 {[%emt 0:00:02]} Kc2 {[%emt 0:00:01]} 47. b4 {[%emt 0:00:01]} Kxd3 {[%emt 0:00:04]} 48. b5 {[%emt 0:00:01]} Kxd2 {[%emt 0:00:00]} 49. b6 {[%emt 0:00:00]} Ke3 {[%emt 0:00:01]} 50. b7 {[%emt 0:00:01]} h4+ {[%emt 0:00:02]} 51. Kxg4 {[%emt 0:00:01]} h3 {[%emt 0:00:01]} 52. Kxh3 {[%emt 0:00:01]} Kf2 {[%emt 0:00:02]} 53. b8=Q {[%emt 0:00:01] (Lag: Av=0.80s, max=4.8s)} 1-0

[Event "Stay Safe Play From Home 234"]
[Site "Emanuel Lasker Arena"]
[Date "2020.06.17"]
[Round "4"]
[White "Weltszmerc"]
[Black "Shyamph1980"]
[Result "1-0"]
[WhiteElo "2120"]
[BlackElo "1692"]
[Annotator "NA RC"]
[PlyCount "31"]
[EventDate "2020.06.17"]
[EventType "swiss (blitz)"]

1. d4 {[%emt 0:00:02]} Nf6 {[%emt 0:00:02]} 2. c4 {[%emt 0:00:01]} e6 {[%emt 0:00:01]} 3. Nf3 {[%emt 0:00:01]} b6 {[%emt 0:00:02]} 4. g3 {[%emt 0:00:01]} Bb7 {[%emt 0:00:01]} 5. Bg2 {[%emt 0:00:00]} Be7 {[%emt 0:00:02]} 6. O-O {[%emt 0:00:00]} d6 {[%emt 0:00:01]} 7. Nc3 {[%emt 0:00:03]} Nbd7 {[%emt 0:00:01]} 8. Qc2 {[%emt 0:00:05]} O-O {[%emt 0:00:01]} 9. Rd1 {[%emt 0:00:02]} d5 {[%emt 0:00:05]} 10. Ne5 {[%emt 0:00:04]} Bd6 {[%emt 0:00:06]} 11. f4 {[%emt 0:00:10]} Bxe5 {[%emt 0:00:01]} 12. dxe5 {[%emt 0:00:02]} Ne8 {[%emt 0:00:08]} 13. cxd5 {[%emt 0:00:01]} exd5 {[%emt 0:00:02]} 14. Nxd5 {[%emt 0:00:01]} c5 {[%emt 0:00:05]} 15. Bh3 {[%emt 0:00:14]} Nb8 {[%emt 0:00:30]} 16. Nf6+ {[%emt 0:00:11] Shyamph1980 resigns (Lag: Av=0.78s, max=1.0s)} 1-0